000 00650nam a2200265 a 4500
003 AR-BaBNM
005 20251128203459.0
008 082120s2002 ||||||||||||||000 | spa||
040 _cAR-BaBNM
100 1 _aBaliari, Eduardo
245 0 0 _aRaúl Soldi
260 _aBuenos Aires
_bCulturales Argentinas
_c1966
300 _a71 p.
_bil., láms.
490 0 _acuadernos culturales. argentinos en las artes
650 4 _aBIOGRAFIAS
650 4 _aARTE CONTEMPORANEO
650 4 _aARTISTAS
650 4 _aARTE
650 4 _aPINTURA
650 4 _aPINTORES
651 4 _aArgentina
655 _aBIOGRAFIAS
942 _cBK
998 _cmariana
999 _c3580
_d3580